5HLuxD.jpg

KING HENRY VIII SENIOR AND PRIMARY SCHOOL LIBRARY OPAC

Cultural traditions in Egypt / (Record no. 1350)

000 -LEADER
fixed length control field 01301cam a22003254a 4500
001 - CONTROL NUMBER
control field 17323729
003 - CONTROL NUMBER IDENTIFIER
control field OSt
005 - DATE AND TIME OF LATEST TRANSACTION
control field 20221228151419.0
008 - FIXED-LENGTH DATA ELEMENTS--GENERAL INFORMATION
fixed length control field 120529s2012 nyua j 001 0 eng c
010 ## - LIBRARY OF CONGRESS CONTROL NUMBER
LC control number 2012022052
020 ## - INTERNATIONAL STANDARD BOOK NUMBER
International Standard Book Number 9780778775225 (pbk.)
040 ## - CATALOGING SOURCE
Original cataloging agency IEN/DLC
Transcribing agency IEN
Modifying agency DLC
042 ## - AUTHENTICATION CODE
Authentication code pcc
043 ## - GEOGRAPHIC AREA CODE
Geographic area code f-ua---
082 00 - DEWEY DECIMAL CLASSIFICATION NUMBER
Classification number 394.26962 PEP
Edition number 23
100 1# - MAIN ENTRY--PERSONAL NAME
Personal name Peppas, Lynn.
Relator term Author
245 10 - TITLE STATEMENT
Title Cultural traditions in Egypt /
Statement of responsibility, etc. Lynn Peppas.
260 ## - PUBLICATION, DISTRIBUTION, ETC.
Place of publication, distribution, etc. New York :
Name of publisher, distributor, etc. Crabtree Pub. Company,
Date of publication, distribution, etc. 2013.
300 ## - PHYSICAL DESCRIPTION
Extent 32 p. :
Other physical details col. ill. ;
Dimensions 29 cm.
490 1# - SERIES STATEMENT
Series statement Cultural traditions in my world
500 ## - GENERAL NOTE
General note Includes index.
505 0# - FORMATTED CONTENTS NOTE
Formatted contents note Welcome to Egypt -- Family occasions -- New Year's Day(s) -- Coptic Christmas -- Eid al-Adha -- Mouloud -- Sham el Nassem -- Sinai Liberation Day -- Labor Day -- Eid al-Fitr -- Eid el-Galaa -- Armed Forces Day -- Abu Simbel Sun festival -- Revolution Day -- Glossary and index.
650 #0 - SUBJECT ADDED ENTRY--TOPICAL TERM
Topical term or geographic name entry element Festivals
Geographic subdivision Egypt
Form subdivision Juvenile literature.
650 #0 - SUBJECT ADDED ENTRY--TOPICAL TERM
Topical term or geographic name entry element Holidays
Geographic subdivision Egypt
Form subdivision Juvenile literature.
651 #0 - SUBJECT ADDED ENTRY--GEOGRAPHIC NAME
Geographic name Egypt
General subdivision Social life and customs
Form subdivision Juvenile literature.
830 #0 - SERIES ADDED ENTRY--UNIFORM TITLE
Uniform title Cultural traditions in my world.
906 ## - LOCAL DATA ELEMENT F, LDF (RLIN)
a 7
b cbc
c orignew
d 1
e ecip
f 20
g y-gencatlg
942 ## - ADDED ENTRY ELEMENTS (KOHA)
Source of classification or shelving scheme
Koha item type Books - Non Ficton
Holdings
Withdrawn status Lost status Source of classification or shelving scheme Damaged status Not for loan Collection code Permanent Location Current Location Shelving location Date acquired Total Checkouts Full call number Barcode Date last seen Date last checked out Price effective from Koha item type
          Non-Fiction KH8 Primary School Library KH8 Primary School Library Non Fiction 2022-12-28 21 394.26962 PEP KHPL000003128 2025-12-05 2025-05-13 2022-12-28 Books - Non Ficton

Powered By KH8 IT Dept